| 000 | 01727 a2200241 4500 | ||
|---|---|---|---|
| 001 | 53237 | ||
| 005 | 20260407155806.0 | ||
| 008 | 260407a2004 arg spa d | ||
| 003 | AR-UNSa-BCEJYS | ||
| 040 |
_aAR-UNSa-BCEJYS _bspa _cAR-UNSa-BCEJYS |
||
| 080 |
_a004.67*E:658 _xExcel para Administración de Empresas |
||
| 245 | 1 | 0 | _aGestión financiera y de inversiones con excel |
| 020 | _a84-415-1948-X | ||
| 264 | 1 |
_aMadrid : _bAnaya Multimedia _c2004 |
|
| 300 |
_a336 p. _c23 cm. |
||
| 505 | _aParte I: Fundamentos de los cálculos financieros - 1. Tomar el control de sus finanzas - 2. Empleo de Excel para menejar el dinero - 3. Realización de cálculos financieros básicos - 4. Cálculo del activo neto - Parte II: Tomar el control de las cuentas bancarias y de las tarjetas de crédito - 5. Administración del dinero con un presupuesto - 6. Gestión inteligente de las cuentas corrientes - 7. Sacar el máximo provecho a las tarjetas de crédito - Parte III: Financiación de su vivienda y coche - 8. Comprender las hipótesis... y encontrar la más adecuada - 9. Consideraciones sobre las segundas hipotecas - 10. Refinanciación de la hipoteca - 11. La cuentas de dépositos - 12. Tomar la decisión correcta entre alquilar o comprar una vivienda - 13. Automóvil nuevo: ¿arrendamiento financiero o compra? - Parte IV: Gestión de las inversiones - 14. Conceptos fundamentales de la inversión - 15. Estar al día de las inversiones - 16. Comparación de los fondos de inversión - 17. Planificación para la universidad o la jubilación - V. Ápendices | ||
| 041 | _aspa | ||
| 942 | _cBK | ||
| 590 | _aniveau_biblio:m niveau_hierar:0 | ||
| 100 | 1 | _aAitken, Peter G. | |
| 650 | _aEXCEL | ||
| 650 | _a excel | ||
| 999 |
_c5155 _d5155 |
||